[Event "FRA-ch Blitz Online Qual"]
[Site "Europe Echecs INT"]
[Date "2020.05.16"]
[Round "9"]
[White "Bosc, Gabriel"]
[Black "Mathieu, Phileas"]
[Result "0-1"]
[WhiteElo "1994"]
[BlackElo "2214"]
[PlyCount "42"]
[EventDate "2020.05.16"]
[EventType "swiss (blitz)"]
[EventRounds "15"]
[EventCountry "FRA"]
[SourceTitle "CBM 196 Extra"]
[Source "ChessBase"]
[SourceDate "2020.07.31"]
[SourceVersion "1"]
[SourceVersionDate "2020.07.31"]
[SourceQuality "1"]

1. f4 e5 2. fxe5 d6 3. exd6 Bxd6 4. Nf3 g5 5. g3 g4 6. Nh4 Nc6 7. c3 Nge7 8. e4 Ng6 9. Nf5 Bxf5 10. exf5 Nge5 11. Be2 Qe7 12. d4 Nf3+ 13. Kf1 Qe4 14. Bxf3 gxf3 15. Qe1 Qxe1+ 16. Kxe1 0-0-0 17. Kf2 Rde8 18. Be3 Ne7 19. g4 h5 20. f6 Nd5 21. Bg5 hxg4 0-1

[Event "FRA-ch Blitz Online Qual"]
[Site "Europe Echecs INT"]
[Date "2020.05.16"]
[Round "7"]
[White "Bosc, Gabriel"]
[Black "Testud, Philippe"]
[Result "1-0"]
[WhiteElo "1994"]
[BlackElo "2123"]
[PlyCount "93"]
[EventDate "2020.05.16"]
[EventType "swiss (blitz)"]
[EventRounds "15"]
[EventCountry "FRA"]
[SourceTitle "CBM 196 Extra"]
[Source "ChessBase"]
[SourceDate "2020.07.31"]
[SourceVersion "1"]
[SourceVersionDate "2020.07.31"]
[SourceQuality "1"]

1. f4 c5 2. Nf3 Nc6 3. b3 d5 4. Bb2 d4 5. e3 Nf6 6. Bb5 dxe3 7. dxe3 Qa5+ 8. Nc3 Bd7 9. 0-0 Rd8 10. Qe2 e6 11. Rfd1 Be7 12. Bd3 0-0 13. Ng5 Nb4 14. Bc4 Bc6 15. a3 Nbd5 16. Nxd5 Nxd5 17. Bd3 h6 18. Ne4 f5 19. Ng3 Bf6 20. Bxf6 Rxf6 21. Qe1 Qc7 22. Bc4 b5 23. Bd3 a6 24. c4 Nb6 25. cxb5 axb5 26. Qc3 Qe7 27. Rac1 Nd7 28. Be2 Rg6 29. Bh5 Rf6 30. Rd2 Nb6 31. Rxd8+ Qxd8 32. Qxc5 Be8 33. Bxe8 Qxe8 34. Qxb6 e5 35. Qc5 exf4 36. exf4 Rf8 37. Qd5+ Kh7 38. Qe5 Qd7 39. Re1 Qd3 40. Qe3 Qd6 41. h3 Qxa3 42. Kh2 Rf6 43. Qd3 Qb4 44. Rf1 Rg6 45. Rf3 Qc5 46. Qxf5 Qd6 47. Qd3 1-0

[Event "FRA-ch Blitz Online Qual"]
[Site "Europe Echecs INT"]
[Date "2020.05.16"]
[Round "8"]
[White "Daulyte Cornette, Deimante"]
[Black "Bosc, Gabriel"]
[Result "1-0"]
[WhiteElo "2400"]
[BlackElo "1994"]
[PlyCount "109"]
[EventDate "2020.05.16"]
[EventType "swiss (blitz)"]
[EventRounds "15"]
[EventCountry "FRA"]
[SourceTitle "CBM 196 Extra"]
[Source "ChessBase"]
[SourceDate "2020.07.31"]
[SourceVersion "1"]
[SourceVersionDate "2020.07.31"]
[SourceQuality "1"]

1. e4 c5 2. Nc3 Nc6 3. Bb5 g6 4. Bxc6 dxc6 5. d3 Bg7 6. Be3 b6 7. Qd2 e5 8. f4 exf4 9. Bxf4 Bg4 10. h3 Be6 11. Nf3 Nf6 12. Bh6 0-0 13. Bxg7 Kxg7 14. 0-0 Qc7 15. Qg5 h6 16. Qe3 Nh5 17. Ne2 Rad8 18. Nh4 Qe7 19. Qf2 Qg5 20. Nf3 Qf6 21. e5 Qe7 22. g4 Bd5 23. gxh5 Bxf3 24. Qxf3 Qxe5 25. c3 Rde8 26. Ng3 Qg5 27. Rae1 Rxe1 28. Rxe1 Qd2 29. Re2 Qd1+ 30. Kg2 Qc1 31. Rf2 Qg5 32. hxg6 Qxg6 33. Qg4 Qxg4 34. hxg4 Rd8 35. d4 cxd4 36. Nf5+ Kg6 37. Nxd4 Rd6 38. Nf5 Re6 39. Ng3 a5 40. Re2 Rd6 41. Nf5 Rf6 42. Kg3 h5 43. Nh4+ Kh6 44. Nf3 hxg4 45. Kxg4 Rg6+ 46. Kf5 c5 47. Ne5 Rg1 48. Nxf7+ Kg7 49. Ne5 Ra1 50. a3 Rf1+ 51. Ke6 Rf6+ 52. Kd7 b5 53. Nc6 a4 54. Re7+ Kg6 55. Re6 1-0